Babar (Record no. 438150)

000 -LEADER
fixed length control field 00345cam a22001337a 4500
008 - FIXED-LENGTH DATA ELEMENTS--GENERAL INFORMATION
fixed length control field 180718b1899 xxu||||| |||| 00| 0 eng d
082 ## - DEWEY DECIMAL CLASSIFICATION NUMBER
Classification number A6x54 R861/B113
100 ## - MAIN ENTRY--PERSONAL NAME
Personal name Lane-Poole, Stanley
245 ## - TITLE STATEMENT
Title Babar
Statement of responsibility, etc. by Stanley Lane-Poole
260 ## - PUBLICATION, DISTRIBUTION, ETC.
Place of publication, distribution, etc. Oxford
Name of publisher, distributor, etc. Clarendon Press
Date of publication, distribution, etc. 1899
300 ## - PHYSICAL DESCRIPTION
Extent 206+p.
440 ## - SERIES STATEMENT/ADDED ENTRY--TITLE
Title Rulers of India
650 ## - SUBJECT ADDED ENTRY--TOPICAL TERM
Topical term or geographic name entry element Babar
Holdings
Withdrawn status Lost status Damaged status Not for loan Permanent Location Current Location Date acquired Full call number Barcode Date last seen Price effective from Koha item type
        Indian Institute of Public Administration Indian Institute of Public Administration 2010-04-02 A6x54 R861/B113 3374 2018-07-21 2018-07-21 Book

Powered by Koha